| 000 | 00416nam a22001697a 4500 | ||
|---|---|---|---|
| 003 | SGT | ||
| 020 | _a9789382219163 | ||
| 082 |
_a614.44 _bP21P |
||
| 100 | _aPARK,K. | ||
| 245 | _aPARK'S TEXT BOOK OF PREVENTIVE AND SOCIAL MEDICINE | ||
| 250 | _a26TH | ||
| 260 |
_aM,P _bBANARSIDAS PUB. _c2021 |
||
| 300 | _a1032 | ||
| 650 | _a PREVENTIVE MEDICINE | ||
| 653 | _aSOCIAL, PREVENTIVE, MEDICINE | ||
| 942 |
_2ddc _cBK _021 |
||
| 999 |
_c22908 _d22908 |
||